000 nam a22 7a 4500
999 _c29027
_d29027
008 170926b xxu||||| |||| 00| 0 eng d
020 _a996622596X
050 _aRA 643.86 .A35 W36 2007
100 _aWanyama Njambi Leah
245 _aHIV AND AIDS
_bThe pandemic
_cWanjama N.Leah
260 _anairobi:
_bJomo Kenyetta Foundation,
_c2013.
300 _ax.: 128p.: ill.:
_breferences
650 _aHIV AND AIDS
_vThe pandemic
700 _aKimani Njambi Elishiba
700 _aLodiaga Jeniffer Mildred
942 _2lcc
_cAFRICANA
_hRA 643.86 .A35 W36 2007
_01